000 00719nam a2200169 a 4500
008 120416s0000 ||||||||||||||||| || u
020 _a0851571972
050 _aZ 675.U5 Lib
100 _aCowley, John
245 1 0 _aLibraries in higher education
_cedited by John Cowley
246 _athe user approach to service
260 _aLondon
_bBingley
_c1975
300 _a163p. : ill.
350 _a0.00
995 _aANNEX COLLECTION (Main Library)
_D0.00
_e710527
_FCBU-MAIN LIBRARY (Kitwe)
_H2
_I4.00
_jZ 675.U5 Lib
_M2
_UAVAILABLE
_y017492
_ZAnnex Low-Usage Collection
995 _aANNEX COLLECTION (Main Library)
_D0.00
_e712205
_FCBU-MAIN LIBRARY (Kitwe)
_H1
_I4.00
_jZ 675.U5 Lib
_M1
_UAVAILABLE
_y017493
_ZAnnex Low-Usage Collection
999 _c80702
_d80702